| 000 | 00356nam a2200133Ia 4500 | ||
|---|---|---|---|
| 008 | 240624s9999 xx 000 0 und d | ||
| 041 | _aeng | ||
| 082 | _a658.408 SOM | ||
| 100 | _aSOM LALITA | ||
| 245 | _aSTOCK MARKET CAPITALIZATION AND CORPORAT | ||
| 260 |
_c2008 _aNew Delhi _bOxford University press |
||
| 300 | _a247 : p. : cm. ; 24 | ||
| 365 |
_cRS _b30 |
||
| 999 |
_c12361 _d12361 |
||